| 000 | 00660nam a22002297a 4500 | ||
|---|---|---|---|
| 999 |
_c10802 _d10802 |
||
| 003 | AR-CdUCM | ||
| 008 | 190402b ||||| |||| 00| 0 spa d | ||
| 040 |
_aMUNICIPALIDAD PROVINCIAL DEL CUSCO _cBIBLIOTECA MUNICIPAL DEL CUSCO |
||
| 041 | _heng | ||
| 082 |
_a808.8 / _bL31 E / 1939 |
||
| 100 |
_aLawrence, David Herbert, _911903 |
||
| 245 | _aEl amante de Lady chatterley / | ||
| 260 |
_aBuenos Aires : _bTOR, _c1939. |
||
| 300 |
_a318 paginas ; _c17 cm. |
||
| 505 | _aContenido : Novela | ||
| 650 |
_aNovela inglesa _9365 |
||
| 650 |
_aAdaptaciones _91309 |
||
| 650 |
_aSiglo XX _98 |
||
| 650 |
_aAmantes _9119 |
||
| 942 |
_2ddc _cLIBROS |
||
| 945 | _awnts | ||